駅名が「道」で終わる駅 - Statistics

General Stats
  • This quiz has been taken 163 times
  • The average score is 14 of 41
Answer Stats
Hint Answer % Correct
四街道市 四街道
81%
常総市 水海道
71%
尾道市 尾道
65%
小平市 青梅街道
59%
横浜市 国道
59%
神戸市 六甲道
55%
港区 表参道
53%
渋谷区 北参道
51%
常総市 北水海道
50%
日野市 甲州街道
48%
西宮市 阪神国道
46%
防府市 大道
45%
尾道市 東尾道
44%
酒々井町 宗吾参道
42%
大東市 住道
42%
東大阪市 俊徳道
37%
横浜市 馬車道
35%
東大阪市 JR俊徳道
34%
境港市 上道
33%
岡山市 上道
33%
神戸市 春日野道
32%
神戸市 春日野道
32%
東大和市 桜街道
31%
松山市 大街道
29%
筑紫野市 朝倉街道
29%
四日市市 海山道
27%
京都市 鳥羽街道
26%
福岡市 海ノ中道
26%
松江市 宍道
23%
下妻市 宗道
19%
名古屋市 車道
18%
大阪市 我孫子道
15%
松江市 南宍道
15%
堺市 七道
13%
高松市 八栗新道
11%
伊賀市 猪田道
10%
飯塚市 天道
10%
薩摩川内市 草道
10%
鳴門市 立道
9%
桑名市 馬道
7%
高松市 林道
5%
No matching quizzes found
Score Distribution
Percent of People with Each Score
Percentile by Number Answered
Your Score History
You have not taken this quiz